000 00392nam a2200157Ia 4500
100 _aKarl/Hogler/ willig/Andreas
650 _aWireless sensor network
942 _cBK
366 _f27
654 _aprotocols
245 _aProtocols and architecture for wireless sensor networks
260 _bWiley India
_c2005
082 _a4.6
_bKAR
300 _a497
546 _aENGLISH
_celectronics
999 _c24632
_d24632